[Event "14. Obert Int. Sant Marti 2012"]
[Site "Barcelona ESP"]
[Date "2012.07.20"]
[Round "8.47"]
[White "Olive Oller, Guim"]
[Black "De Azua Arpi, Rafael"]
[Result "0-1"]
[WhiteElo "1850"]
[BlackElo "1952"]
[PlyCount "72"]
[EventDate "2012.07.13"]
[EventType "swiss"]
[EventRounds "9"]
[EventCountry "ESP"]
[SourceTitle "Ajedrez en Madrid"]
[Source "lmi"]
[SourceDate "2012.07.13"]
[SourceVersion "1"]
[SourceVersionDate "2019.06.21"]
[SourceQuality "1"]

1. d4 Nf6 2. c4 e6 3. Nc3 Bb4 4. Qc2 d5 5. Bg5 dxc4 6. e3 b5 7. a4 c6 8. Nf3
Bb7 9. Nd2 Nbd7 10. Be2 a6 11. O-O Be7 12. Bf3 Nd5 13. Bxe7 Qxe7 14. e4 Nf4 15.
e5 f5 16. axb5 axb5 17. Rxa8+ Bxa8 18. Nxb5 cxb5 19. Bxa8 O-O 20. Bf3 Nb6 21.
Rd1 Rd8 22. Nb1 Nd3 23. Be2 Nb4 24. Qd2 Nc6 25. Qe3 Nd5 26. Qg3 Qb4 27. Nc3
Qxb2 28. Nxd5 Qxe2 29. Nf6+ Kh8 30. Ra1 Nxd4 31. h3 Qb2 32. Kh2 Qxa1 33. Qh4 h6
34. Ng4 fxg4 35. Qxd8+ Kh7 36. hxg4 Ne2 0-1

[Event "14. Obert Int. Sant Marti 2012"]
[Site "Barcelona ESP"]
[Date "2012.07.20"]
[Round "8.48"]
[White "Layola Barrionuevo, Javier"]
[Black "Quero Ortega, Juan"]
[Result "1-0"]
[WhiteElo "2061"]
[BlackElo "1877"]
[PlyCount "67"]
[EventDate "2012.07.13"]
[EventType "swiss"]
[EventRounds "9"]
[EventCountry "ESP"]
[SourceTitle "Ajedrez en Madrid"]
[Source "lmi"]
[SourceDate "2012.07.13"]
[SourceVersion "1"]
[SourceVersionDate "2019.06.21"]
[SourceQuality "1"]

1. e4 d6 2. d4 g6 3. Nc3 Nf6 4. Be2 Bg7 5. h4 h5 6. Nf3 c6 7. a4 b6 8. Bg5 Nh7
9. Be3 Bg4 10. Qd2 O-O 11. Nh2 Bxe2 12. Qxe2 e6 13. g4 Qxh4 14. O-O-O Qe7 15.
Rdg1 g5 16. gxh5 f5 17. Bxg5 Nxg5 18. h6 Bf6 19. e5 Kh8 20. exf6 Qxf6 21. Qh5
Nh7 22. Nf3 Qf7 23. Qh2 Na6 24. Nh4 Rg8 25. Qxd6 Rg4 26. f3 Rgg8 27. Qe5+ Nf6
28. Rg7 Rxg7 29. hxg7+ Kxg7 30. Rg1+ Kh7 31. Rg6 Rf8 32. Ne2 Nc7 33. Qf4 Ng8
34. Qg5 1-0

[Event "14. Obert Int. Sant Marti 2012"]
[Site "Barcelona ESP"]
[Date "2012.07.20"]
[Round "8.49"]
[White "Escobar Figueroa, Sandra"]
[Black "Severri Arrese, Carlos"]
[Result "1/2-1/2"]
[WhiteElo "1842"]
[BlackElo "1996"]
[PlyCount "105"]
[EventDate "2012.07.13"]
[EventType "swiss"]
[EventRounds "9"]
[EventCountry "ESP"]
[SourceTitle "Ajedrez en Madrid"]
[Source "lmi"]
[SourceDate "2012.07.13"]
[SourceVersion "1"]
[SourceVersionDate "2019.06.21"]
[SourceQuality "1"]

1. e4 c5 2. Nf3 b6 3. d4 cxd4 4. Nxd4 Bb7 5. Nc3 a6 6. Bd3 e6 7. a3 Qc7 8. O-O
Bc5 9. Be3 Nf6 10. h3 O-O 11. Nf3 Nc6 12. Re1 Ne5 13. Nxe5 Qxe5 14. Qe2 d5 15.
exd5 exd5 16. Bxc5 Qxe2 17. Rxe2 bxc5 18. Re7 Bc8 19. Re5 c4 20. Be2 Be6 21.
Bf3 Nd7 22. Ree1 Nb6 23. a4 a5 24. Nb5 Rac8 25. Nd4 Bd7 26. Nb5 Bxb5 27. axb5
a4 28. c3 Rc5 29. Bd1 Ra8 30. Bxa4 Kf8 31. b4 cxb3 32. Bxb3 Rxa1 33. Rxa1 Rxb5
34. Bd1 Rc5 35. Ra3 Ke7 36. Kf1 g6 37. Ke1 h5 38. Be2 Rc6 39. Ra7+ Kf6 40. Kd2
Nc8 41. Ra6 Rxa6 42. Bxa6 Nd6 43. Kd3 Ke5 44. g3 g5 45. f4+ gxf4 46. gxf4+ Kxf4
47. Kd4 Ne4 48. Bb7 f5 49. Bxd5 Nxc3 50. Kxc3 Kg3 51. Be6 f4 52. Kd3 f3 53. Ke3
1/2-1/2

[Event "14. Obert Int. Sant Marti 2012"]
[Site "Barcelona ESP"]
[Date "2012.07.20"]
[Round "8.50"]
[White "Cano Sevila, Ivan"]
[Black "Fernandez Aguilar, Francisco"]
[Result "1/2-1/2"]
[WhiteElo "1521"]
[BlackElo "1946"]
[PlyCount "75"]
[EventDate "2012.07.13"]
[EventType "swiss"]
[EventRounds "9"]
[EventCountry "ESP"]
[SourceTitle "Ajedrez en Madrid"]
[Source "lmi"]
[SourceDate "2012.07.13"]
[SourceVersion "1"]
[SourceVersionDate "2019.06.21"]
[SourceQuality "1"]

1. e4 e5 2. Nf3 Nc6 3. Bb5 a6 4. Ba4 Nf6 5. O-O b5 6. Bb3 Be7 7. Re1 d6 8. c3
O-O 9. d4 Bg4 10. d5 Na5 11. Bc2 c6 12. dxc6 Qc7 13. Qd3 Nxc6 14. Nbd2 Rac8 15.
h3 Be6 16. Nf1 Nb4 17. Qe2 Nxc2 18. Qxc2 Ne8 19. Ng3 g6 20. Bh6 Ng7 21. Qd2 f6
22. Kh1 Rfd8 23. Bxg7 Kxg7 24. Qc1 Qb7 25. a3 a5 26. Qb1 a4 27. Nd2 d5 28. exd5
Bxd5 29. f3 Rd7 30. Qc2 Rcd8 31. Rad1 Bc5 32. Nge4 Ba7 33. b3 f5 34. Ng3 axb3
35. Nxb3 Bxf3 36. Rxd7+ Rxd7 37. Nxf5+ Kg8 38. Nh4 1/2-1/2

[Event "14. Obert Int. Sant Marti 2012"]
[Site "Barcelona ESP"]
[Date "2012.07.21"]
[Round "9.1"]
[White "Ortiz Suarez, Isan Reynaldo"]
[Black "Moskalenko, Viktor"]
[Result "1-0"]
[WhiteElo "2562"]
[BlackElo "2591"]
[PlyCount "77"]
[EventDate "2012.07.13"]
[EventType "swiss"]
[EventRounds "9"]
[EventCountry "ESP"]
[SourceTitle "Ajedrez en Madrid"]
[Source "lmi"]
[SourceDate "2012.07.13"]
[SourceVersion "1"]
[SourceVersionDate "2019.06.21"]
[SourceQuality "1"]

1. c4 e6 2. Nf3 d5 3. d4 c6 4. Nc3 f5 5. Bf4 Bd6 6. Bxd6 Qxd6 7. e3 Nf6 8. Qc2
O-O 9. h3 Ne4 10. Bd3 Nd7 11. O-O-O b6 12. cxd5 exd5 13. Kb1 Ndf6 14. Ne5 c5
15. f3 Ng3 16. Rhe1 c4 17. Qf2 Nfh5 18. Bc2 Be6 19. Ka1 g6 20. Bb1 a6 21. Ne2
Nxe2 22. Qxe2 f4 23. exf4 Nxf4 24. Qd2 Rf6 25. h4 Raf8 26. g3 Nh5 27. g4 Nf4
28. g5 R6f7 29. Nxf7 Rxf7 30. Re5 Bd7 31. Qh2 Qc6 32. Re3 b5 33. Rde1 Qd6 34.
h5 gxh5 35. g6 hxg6 36. Bxg6 Qxg6 37. Rg1 Bg4 38. fxg4 hxg4 39. Re8+ 1-0

[Event "14. Obert Int. Sant Marti 2012"]
[Site "Barcelona ESP"]
[Date "2012.07.21"]
[Round "9.2"]
[White "Saptarshi, Roy"]
[Black "Quesada Perez, Yuniesky"]
[Result "1/2-1/2"]
[WhiteElo "2389"]
[BlackElo "2626"]
[PlyCount "152"]
[EventDate "2012.07.13"]
[EventType "swiss"]
[EventRounds "9"]
[EventCountry "ESP"]
[SourceTitle "Ajedrez en Madrid"]
[Source "lmi"]
[SourceDate "2012.07.13"]
[SourceVersion "1"]
[SourceVersionDate "2019.06.21"]
[SourceQuality "1"]

1. d4 Nf6 2. Nf3 b6 3. e3 Bb7 4. Nbd2 e6 5. Bd3 d5 6. O-O Be7 7. b3 O-O 8. Bb2
c5 9. Ne5 Nc6 10. a3 Nxe5 11. dxe5 Ne4 12. Nxe4 dxe4 13. Bc4 Qc8 14. Qe2 a6 15.
a4 Bc6 16. Rfd1 Qb7 17. Qf1 h6 18. h3 Rfd8 19. Be2 Rd5 20. Bc4 Rdd8 21. Be2
Rdb8 22. Bc3 Rc8 23. Bb2 Bd5 24. c4 Bc6 25. Qe1 Rd8 26. Rxd8+ Rxd8 27. Rd1 Rb8
28. Rc1 b5 29. axb5 axb5 30. Ba1 Ra8 31. Qd2 bxc4 32. bxc4 Qb3 33. Bd1 Qb4 34.
Qxb4 cxb4 35. Bd4 Kf8 36. Rb1 Ke8 37. Bb6 Ra3 38. c5 Rc3 39. Rxb4 Rc1 40. Rd4
Bxc5 41. Bxc5 Rxc5 42. Ba4 Bxa4 43. Rxa4 Rxe5 44. h4 Ke7 45. Ra7+ Kf6 46. g3 g5
47. hxg5+ hxg5 48. g4 Kg6 49. Ra6 Rb5 50. Kg2 Rb1 51. Rc6 Rd1 52. Ra6 Kf6 53.
Ra7 Kg6 54. Ra6 Rd7 55. Rb6 Kg7 56. Ra6 Rd5 57. Ra7 Kf8 58. Ra8+ Ke7 59. Ra7+
Rd7 60. Ra5 f6 61. Rb5 Rc7 62. Ra5 Kd6 63. Ra6+ Kd5 64. Ra8 Ke5 65. Rg8 Rh7 66.
Kg3 Rc7 67. Rg6 Rc8 68. Kg2 Rc7 69. Kg3 Rf7 70. Kg2 Kd6 71. Rg8 Ke7 72. Kg3 Rh7
73. Ra8 Rh1 74. Ra7+ Kf8 75. Ra4 Rg1+ 76. Kh3 Kf7 1/2-1/2

[Event "14. Obert Int. Sant Marti 2012"]
[Site "Barcelona ESP"]
[Date "2012.07.21"]
[Round "9.3"]
[White "Deepan, Chakkravarthy J"]
[Black "Alarcon Casellas, Rolando"]
[Result "1-0"]
[WhiteElo "2468"]
[BlackElo "2436"]
[PlyCount "127"]
[EventDate "2012.07.13"]
[EventType "swiss"]
[EventRounds "9"]
[EventCountry "ESP"]
[SourceTitle "Ajedrez en Madrid"]
[Source "lmi"]
[SourceDate "2012.07.13"]
[SourceVersion "1"]
[SourceVersionDate "2019.06.21"]
[SourceQuality "1"]

1. d4 d5 2. Nf3 Nf6 3. c4 c6 4. Qb3 dxc4 5. Qxc4 Bf5 6. g3 e6 7. Bg2 Be7 8. O-O
O-O 9. e3 Nbd7 10. Nc3 b5 11. Qe2 b4 12. Na4 Qa5 13. b3 Qb5 14. Re1 Rac8 15.
Bb2 Bd3 16. Qd1 Rfd8 17. Rc1 Qa6 18. Nd2 Bb5 19. Bf1 Bxf1 20. Rxf1 Nb6 21. Nc5
Bxc5 22. dxc5 Nbd5 23. Qc2 Qe2 24. Nc4 Qf3 25. Rfe1 Nc3 26. Bxc3 bxc3 27. Nd6
Rb8 28. Qxc3 Ne4 29. Nxe4 Qxe4 30. Red1 Qf3 31. Rd6 h5 32. Qd4 Rf8 33. Rc2 a5
34. Qf4 Qxf4 35. gxf4 Rfc8 36. Rc4 g6 37. Kg2 Kf8 38. Kf3 Ke7 39. Ke4 Rb5 40.
Kd4 Rd8 41. Rxd8 Kxd8 42. Ra4 f6 43. Kc4 Kc8 44. a3 Kb7 45. b4 Ka6 46. h3 Ka7
47. f3 Ka8 48. h4 Ka7 49. bxa5 Rb2 50. Rb4 Rc2+ 51. Kd4 Rd2+ 52. Kc3 Rd5 53.
Kc4 Rd1 54. Rb6 Rc1+ 55. Kb4 Rb1+ 56. Ka4 Re1 57. e4 Re3 58. Rxc6 Rxf3 59. Rxe6
Rxf4 60. Kb5 Rf1 61. Re7+ Kb8 62. a6 Rb1+ 63. Ka5 Ka8 64. c6 1-0

[Event "14. Obert Int. Sant Marti 2012"]
[Site "Barcelona ESP"]
[Date "2012.07.21"]
[Round "9.4"]
[White "Lorenzo De La Riva, Lazaro"]
[Black "Laxman, R R.."]
[Result "1/2-1/2"]
[WhiteElo "2422"]
[BlackElo "2422"]
[PlyCount "141"]
[EventDate "2012.07.13"]
[EventType "swiss"]
[EventRounds "9"]
[EventCountry "ESP"]
[SourceTitle "Ajedrez en Madrid"]
[Source "lmi"]
[SourceDate "2012.07.13"]
[SourceVersion "1"]
[SourceVersionDate "2019.06.21"]
[SourceQuality "1"]

1. e4 e5 2. Nf3 Nf6 3. d4 Nxe4 4. Bd3 d5 5. Nxe5 Nd7 6. Nc3 Nxc3 7. bxc3 Nxe5
8. dxe5 Bc5 9. O-O O-O 10. Qh5 g6 11. Qh6 Re8 12. Bg5 Be7 13. Bxe7 Qxe7 14. f4
Qf8 15. Qh4 Qe7 16. Qg3 Bd7 17. Rae1 Kh8 18. f5 gxf5 19. Bxf5 Rg8 20. Qh3 Bxf5
21. Rxf5 Rg7 22. Ref1 Rag8 23. Kh1 Qe6 24. Qf3 c6 25. Rf2 a5 26. h3 a4 27. Qf4
a3 28. Rf6 Qe7 29. Rh6 Rg6 30. Rxg6 Rxg6 31. Qd4 Kg8 32. Rf5 h6 33. Qf4 Rg5 34.
g4 Rg6 35. Kh2 Kg7 36. Kg3 c5 37. h4 b5 38. g5 hxg5 39. hxg5 d4 40. cxd4 cxd4
41. Rf6 Qc7 42. Kh4 Qd7 43. Rxg6+ Kxg6 44. Qf6+ Kh7 45. g6+ fxg6 46. e6 Qd6 47.
Qf7+ Kh6 48. Kg4 d3 49. cxd3 Qd4+ 50. Qf4+ Qxf4+ 51. Kxf4 Kg7 52. Ke5 Kf8 53.
d4 b4 54. Kd6 Ke8 55. Kc7 b3 56. d5 bxa2 57. d6 a1=Q 58. d7+ Ke7 59. d8=Q+ Kxe6
60. Qd7+ Kf6 61. Qd6+ Kf5 62. Qd3+ Kf4 63. Qd2+ Ke4 64. Qg2+ Kd3 65. Qxg6+ Kc4
66. Qc6+ Kb3 67. Qb5+ Kc2 68. Qe2+ Kb3 69. Qb5+ Ka2 70. Qc4+ Kb1 71. Qd3+
1/2-1/2

[Event "14. Obert Int. Sant Marti 2012"]
[Site "Barcelona ESP"]
[Date "2012.07.21"]
[Round "9.5"]
[White "Gonzalez Rodriguez, Jorge A"]
[Black "Hernandez Carmenates, Holden"]
[Result "0-1"]
[WhiteElo "2410"]
[BlackElo "2569"]
[PlyCount "116"]
[EventDate "2012.07.13"]
[EventType "swiss"]
[EventRounds "9"]
[EventCountry "ESP"]
[SourceTitle "Ajedrez en Madrid"]
[Source "lmi"]
[SourceDate "2012.07.13"]
[SourceVersion "1"]
[SourceVersionDate "2019.06.21"]
[SourceQuality "1"]

1. b3 c5 2. Bb2 Nc6 3. e3 d5 4. Bb5 Nf6 5. Bxc6+ bxc6 6. d3 g6 7. Nf3 Bg7 8.
Nbd2 O-O 9. Qe2 a5 10. a4 Re8 11. O-O Ba6 12. c4 Rb8 13. Be5 Rb7 14. Rab1 Nd7
15. Bxg7 Kxg7 16. e4 e5 17. Rfc1 d4 18. g3 Nf8 19. Nh4 Rb4 20. Ng2 Bc8 21. f4
Bh3 22. Rf1 exf4 23. gxf4 Qd7 24. f5 Bxf5 25. Qf2 Bh3 26. Qf6+ Kg8 27. Rf3 Qe6
28. Qh4 Bxg2 29. Kxg2 Qe7 30. Qg3 Ne6 31. h4 Ng7 32. Qg5 Qxg5+ 33. hxg5 Ne6 34.
Rg3 Nf4+ 35. Kf1 Rb7 36. Ke1 Kg7 37. Kd1 Rbe7 38. Kc2 Nh5 39. Rgg1 f6 40. b4
axb4 41. Nb3 Re5 42. gxf6+ Nxf6 43. a5 h5 44. a6 Ra8 45. Ra1 Ra7 46. Ra5 Nd7
47. Nd2 h4 48. Nf3 Rh5 49. Nxd4 Ne5 50. Rxc5 Rxa6 51. Ne6+ Kf7 52. Nf4 Nf3 53.
Rxh5 gxh5 54. Rf1 Nd4+ 55. Kd2 Ra2+ 56. Ke3 Nc2+ 57. Kf3 b3 58. Rb1 b2 0-1

[Event "14. Obert Int. Sant Marti 2012"]
[Site "Barcelona ESP"]
[Date "2012.07.21"]
[Round "9.6"]
[White "Gonzalez Garcia, Jose"]
[Black "Cruz, Jonathan"]
[Result "0-1"]
[WhiteElo "2518"]
[BlackElo "2418"]
[PlyCount "86"]
[EventDate "2012.07.13"]
[EventType "swiss"]
[EventRounds "9"]
[EventCountry "ESP"]
[SourceTitle "Ajedrez en Madrid"]
[Source "lmi"]
[SourceDate "2012.07.13"]
[SourceVersion "1"]
[SourceVersionDate "2019.06.21"]
[SourceQuality "1"]

1. d4 d5 2. c4 e5 3. dxe5 d4 4. Nf3 Nc6 5. a3 a5 6. Nbd2 Nge7 7. Nb3 Nf5 8. e3
dxe3 9. Qxd8+ Kxd8 10. fxe3 a4 11. Nbd4 Bc5 12. Nxc6+ bxc6 13. Bd3 Nxe3 14. Ke2
Nf5 15. Rd1 Ke7 16. Be4 Be6 17. g4 Nh6 18. Bg5+ Kf8 19. h3 Rb8 20. Rd2 f5 21.
exf6 Bxc4+ 22. Kd1 Nf7 23. Rc1 Bb3+ 24. Ke2 Bd6 25. Be3 gxf6 26. Rxc6 Re8 27.
Bd5 Bf4 28. Rc3 Nd6 29. Bxb3 axb3 30. Rdd3 Re7 31. Rxc7 Rxc7 32. Bxf4 Re7+ 33.
Kf1 Ne4 34. Rxb3 Kf7 35. Rd3 Rc8 36. Ne1 Rc4 37. Be3 h5 38. b3 Rc8 39. Kg2 Rg8
40. Kf3 hxg4+ 41. hxg4 Rh8 42. Bf4 Rh1 43. Rd1 Rf1+ 0-1

[Event "14. Obert Int. Sant Marti 2012"]
[Site "Barcelona ESP"]
[Date "2012.07.21"]
[Round "9.7"]
[White "Venkatesh, M R.."]
[Black "Anurag, Mhamal"]
[Result "1-0"]
[WhiteElo "2506"]
[BlackElo "2301"]
[PlyCount "65"]
[EventDate "2012.07.13"]
[EventType "swiss"]
[EventRounds "9"]
[EventCountry "ESP"]
[SourceTitle "Ajedrez en Madrid"]
[Source "lmi"]
[SourceDate "2012.07.13"]
[SourceVersion "1"]
[SourceVersionDate "2019.06.21"]
[SourceQuality "1"]

1. e4 e5 2. Nf3 Nc6 3. Nc3 Nf6 4. g3 Bc5 5. Bg2 d6 6. d3 a6 7. h3 h6 8. O-O Be6
9. Be3 Bxe3 10. fxe3 Ne7 11. Nh4 Qd7 12. Kh2 Nh7 13. d4 f6 14. Nd5 Bxd5 15.
exd5 O-O 16. e4 Ng5 17. c4 Rae8 18. Rc1 exd4 19. Qxd4 Nf7 20. Rc2 Ne5 21. c5 f5
22. exf5 Nxf5 23. Nxf5 Rxf5 24. c6 Qf7 25. Rcf2 Qf6 26. Qa7 Rxf2 27. Rxf2 Qg5
28. cxb7 Nd7 29. h4 Qe5 30. Qxa6 Qd4 31. Re2 Ne5 32. Qa8 Ng4+ 33. Kh3 1-0

[Event "14. Obert Int. Sant Marti 2012"]
[Site "Barcelona ESP"]
[Date "2012.07.21"]
[Round "9.8"]
[White "Palit, Somak"]
[Black "Munoz Pantoja, Miguel"]
[Result "1/2-1/2"]
[WhiteElo "2393"]
[BlackElo "2496"]
[PlyCount "150"]
[EventDate "2012.07.13"]
[EventType "swiss"]
[EventRounds "9"]
[EventCountry "ESP"]
[SourceTitle "Ajedrez en Madrid"]
[Source "lmi"]
[SourceDate "2012.07.13"]
[SourceVersion "1"]
[SourceVersionDate "2019.06.21"]
[SourceQuality "1"]

1. e4 c5 2. Nf3 Nc6 3. Bc4 Nf6 4. d3 e6 5. Bb3 d5 6. e5 Nd7 7. Bf4 Be7 8. Bg3
f6 9. exf6 Nxf6 10. Ne5 Nxe5 11. Bxe5 Bd6 12. Qe2 O-O 13. O-O Qc7 14. Bxd6 Qxd6
15. f4 Bd7 16. Nd2 a5 17. a4 Rae8 18. Rae1 Bc6 19. g3 Qd7 20. Ra1 Qd6 21. Nf3
Nd7 22. Rae1 Nb6 23. Qd2 Ra8 24. Ra1 c4 25. dxc4 Qc5+ 26. Qd4 Qxd4+ 27. Nxd4
dxc4 28. Nxc6 cxb3 29. Nd4 bxc2 30. Nxc2 Rfd8 31. Rf2 Rac8 32. Ra3 Rd1+ 33. Kg2
g6 34. Rb3 Nxa4 35. Ne3 Rd7 36. Ng4 Kg7 37. Re2 b6 38. Kh3 Rd6 39. Ne5 Rc7 40.
Nf3 h6 41. Ne5 Rd1 42. Nf3 Rd6 43. Ne5 Rc5 44. Re4 b5 45. Re2 b4 46. Rbe3 Rc1
47. g4 Nb6 48. Nxg6 Nd5 49. Rxe6 Rxe6 50. Rxe6 a4 51. Rd6 Rd1 52. Kh4 a3 53.
bxa3 b3 54. Rd7+ Kxg6 55. Rb7 Rd3 56. f5+ Kf6 57. a4 Nf4 58. Rb6+ Ke5 59. Rb5+
Kd4 60. g5 Rh3+ 61. Kg4 hxg5 62. Kxg5 Nd5 63. f6 Rf3 64. f7 Kc4 65. Rb7 Nb4 66.
Rc7+ Kd4 67. Rb7 Kc5 68. Rc7+ Nc6 69. Rb7 Kc4 70. Rc7 Kd5 71. Rb7 Kc4 72. Rc7
Kd5 73. Rb7 Ne5 74. f8=Q Rxf8 75. Rxb3 Nf3+ 1/2-1/2

[Event "14. Obert Int. Sant Marti 2012"]
[Site "Barcelona ESP"]
[Date "2012.07.21"]
[Round "9.9"]
[White "Escobar Forero, Alder"]
[Black "Beltran Rueda, Santiago"]
[Result "0-1"]
[WhiteElo "2487"]
[BlackElo "2383"]
[PlyCount "98"]
[EventDate "2012.07.13"]
[EventType "swiss"]
[EventRounds "9"]
[EventCountry "ESP"]
[SourceTitle "Ajedrez en Madrid"]
[Source "lmi"]
[SourceDate "2012.07.13"]
[SourceVersion "1"]
[SourceVersionDate "2019.06.21"]
[SourceQuality "1"]

1. e4 c5 2. Nf3 e6 3. d4 cxd4 4. Nxd4 a6 5. Bd3 Nc6 6. Nxc6 bxc6 7. O-O d5 8.
Nd2 Nf6 9. Qf3 Be7 10. b3 O-O 11. Bb2 a5 12. Qh3 g6 13. f4 c5 14. c4 e5 15. Qf3
d4 16. f5 a4 17. Rad1 Nd7 18. Rf2 Bg5 19. Nf1 Ra6 20. g3 Bb7 21. h4 Bh6 22. Bc1
Bxc1 23. Rxc1 Kh8 24. Rcc2 Rg8 25. Rb2 g5 26. Rh2 g4 27. Qd1 Qa8 28. Rhe2 Nf6
29. Qc2 axb3 30. axb3 Bc6 31. Re1 Qb7 32. Nd2 Rga8 33. Kf2 Kg7 34. Reb1 Qb4 35.
Rc1 Ra1 36. Ke2 Kf8 37. Rxa1 Rxa1 38. Rb1 Ra8 39. Rc1 Ke7 40. Qb1 Ra3 41. Qc2
Qa5 42. Rb1 Kd6 43. b4 Qa8 44. bxc5+ Ke7 45. Rb3 Nd7 46. Qc1 Ra2 47. Rb2 Qa3
48. Rc2 Nxc5 49. Nb3 Qxb3 0-1

[Event "14. Obert Int. Sant Marti 2012"]
[Site "Barcelona ESP"]
[Date "2012.07.21"]
[Round "9.10"]
[White "Turov, Maxim"]
[Black "Panelo, Marcelo"]
[Result "1-0"]
[WhiteElo "2642"]
[BlackElo "2452"]
[PlyCount "55"]
[EventDate "2012.07.13"]
[EventType "swiss"]
[EventRounds "9"]
[EventCountry "ESP"]
[SourceTitle "Ajedrez en Madrid"]
[Source "lmi"]
[SourceDate "2012.07.13"]
[SourceVersion "1"]
[SourceVersionDate "2019.06.21"]
[SourceQuality "1"]

1. c4 e6 2. Nc3 d5 3. d4 Be7 4. cxd5 exd5 5. Bf4 Nf6 6. e3 Bf5 7. Nge2 c6 8.
Ng3 Be6 9. Bd3 Bd6 10. Nge2 Bg4 11. f3 Bh5 12. Qb3 Bxf4 13. exf4 Nbd7 14. g4
Bxg4 15. fxg4 Nxg4 16. Nd1 Qh4+ 17. Kd2 O-O 18. Bf5 Ngf6 19. Qh3 Qxh3 20. Bxh3
Nb6 21. b3 a5 22. Nec3 a4 23. Nf2 Ra5 24. Rhe1 c5 25. dxc5 Rxc5 26. Nd3 Ra5 27.
Bg2 Rfa8 28. b4 1-0

[Event "14. Obert Int. Sant Marti 2012"]
[Site "Barcelona ESP"]
[Date "2012.07.21"]
[Round "9.11"]
[White "Cordova, Emilio"]
[Black "Mammadova, Gulnar"]
[Result "1-0"]
[WhiteElo "2584"]
[BlackElo "2341"]
[PlyCount "155"]
[EventDate "2012.07.13"]
[EventType "swiss"]
[EventRounds "9"]
[EventCountry "ESP"]
[SourceTitle "Ajedrez en Madrid"]
[Source "lmi"]
[SourceDate "2012.07.13"]
[SourceVersion "1"]
[SourceVersionDate "2019.06.21"]
[SourceQuality "1"]

1. d4 d5 2. c4 c6 3. Nf3 Nf6 4. Qb3 e6 5. Bg5 Be7 6. e3 O-O 7. Nc3 Nbd7 8. a4
Ne4 9. Bxe7 Qxe7 10. Bd3 f5 11. O-O Ndf6 12. a5 Bd7 13. Qxb7 Rfb8 14. Qa6 Ne8
15. cxd5 cxd5 16. Bxe4 fxe4 17. Ne5 Rxb2 18. Rfb1 Nc7 19. Qf1 Rc2 20. Rc1 Rxc1
21. Rxc1 Be8 22. h3 a6 23. Qd1 Rb8 24. Na4 Bb5 25. Nc6 Bxc6 26. Rxc6 Rf8 27.
Qc2 Rf7 28. Nc5 h6 29. Qb2 Kh7 30. Nxa6 Nxa6 31. Rxa6 Qd7 32. Qb8 Qa4 33. Ra8
Qc2 34. Qg3 Qc6 35. Rb8 Qa6 36. h4 Rb7 37. Rxb7 Qxb7 38. h5 Qa6 39. Qc7 Qe2 40.
Qc1 Qa2 41. Qe1 Qa3 42. Kh2 Qd6+ 43. Kh3 Qa3 44. f3 exf3 45. gxf3 Kg8 46. Kg3
Qd6+ 47. Kg2 Qa3 48. Qd2 Qa1 49. Qb4 Qa2+ 50. Kg3 Qe2 51. Qc3 Kh7 52. Qc1 Kg8
53. Qg1 Kf8 54. Kf4 Qa2 55. Qe1 Qh2+ 56. Kg4 Qa2 57. Kg3 Kf7 58. e4 Qc4 59.
exd5 Qxd5 60. Qe5 Qa2 61. Qb5 Qa1 62. Qc5 Qe1+ 63. Kf4 Qh4+ 64. Ke3 Qe1+ 65.
Kd3 Qd1+ 66. Kc4 Qe2+ 67. Kb4 Qb2+ 68. Ka4 Qe2 69. f4 g6 70. Qc7+ Ke8 71. hxg6
Qa2+ 72. Kb5 Qb1+ 73. Kc5 Qxg6 74. Kd6 Qf6 75. Qd7+ Kf8 76. Kc7 Qf5 77. Qd6+
Kf7 78. a6 1-0

[Event "14. Obert Int. Sant Marti 2012"]
[Site "Barcelona ESP"]
[Date "2012.07.21"]
[Round "9.12"]
[White "Konguvel, Ponnuswamy"]
[Black "Cuartas, Jaime Alexander"]
[Result "1/2-1/2"]
[WhiteElo "2319"]
[BlackElo "2523"]
[PlyCount "144"]
[EventDate "2012.07.13"]
[EventType "swiss"]
[EventRounds "9"]
[EventCountry "ESP"]
[SourceTitle "Ajedrez en Madrid"]
[Source "lmi"]
[SourceDate "2012.07.13"]
[SourceVersion "1"]
[SourceVersionDate "2019.06.21"]
[SourceQuality "1"]

1. e4 c5 2. Nf3 e6 3. d4 cxd4 4. Nxd4 a6 5. Bd3 Nf6 6. O-O Nc6 7. Nxc6 dxc6 8.
Nd2 e5 9. Nc4 Qc7 10. Bd2 Bg4 11. Be2 Be6 12. Ba5 Qe7 13. Nxe5 Qc5 14. Bc3 Nxe4
15. Bd4 Qe7 16. Bb6 Qd6 17. f4 Qb4 18. Qd4 Qxd4+ 19. Bxd4 Rd8 20. Rad1 Rxd4 21.
Rxd4 Bc5 22. Rfd1 Ke7 23. Kf1 Bxd4 24. Rxd4 Nd6 25. Bf3 c5 26. Rd1 f6 27. Nd3
Rc8 28. a3 a5 29. g4 Bc4 30. Kf2 Bxd3 31. Rxd3 b6 32. Bd5 Kd7 33. c3 Re8 34. h4
h6 35. Re3 Rxe3 36. Kxe3 g5 37. hxg5 fxg5 38. fxg5 hxg5 39. Kd3 Ke7 40. Bf3 Kf6
41. Be2 Ke5 42. Ke3 Kd5 43. Kd3 Nf7 44. Bf3+ Ke5 45. Ke3 a4 46. Bd1 Nd6 47. Be2
b5 48. Bf1 Kd5 49. Bd3 Nc4+ 50. Bxc4+ Kxc4 51. Kd2 Kb3 52. Kc1 b4 53. cxb4 cxb4
54. axb4 Kxb4 55. Kb1 Kb3 56. Ka1 Kc4 57. Ka2 Kb4 58. Ka1 a3 59. Ka2 axb2 60.
Kxb2 Kc4 61. Kc2 Kd4 62. Kd2 Ke4 63. Ke2 Kf4 64. Kf2 Kxg4 65. Kg2 Kf4 66. Kf2
g4 67. Kg2 g3 68. Kg1 Kg4 69. Kg2 Kh4 70. Kg1 Kh3 71. Kh1 g2+ 72. Kg1 Kg3
1/2-1/2

[Event "14. Obert Int. Sant Marti 2012"]
[Site "Barcelona ESP"]
[Date "2012.07.21"]
[Round "9.13"]
[White "Pulvett, Daniel"]
[Black "Perez Mitjans, Orelvis"]
[Result "1-0"]
[WhiteElo "2383"]
[BlackElo "2504"]
[PlyCount "87"]
[EventDate "2012.07.13"]
[EventType "swiss"]
[EventRounds "9"]
[EventCountry "ESP"]
[SourceTitle "Ajedrez en Madrid"]
[Source "lmi"]
[SourceDate "2012.07.13"]
[SourceVersion "1"]
[SourceVersionDate "2019.06.21"]
[SourceQuality "1"]

1. e4 e6 2. f4 d5 3. e5 c5 4. Nf3 Nc6 5. c3 Bd7 6. Na3 f6 7. Nc2 Qb6 8. d4 cxd4
9. Ncxd4 Nxd4 10. Nxd4 O-O-O 11. Be3 fxe5 12. fxe5 Qxb2 13. Rb1 Qxc3+ 14. Kf2
Bc5 15. Bd3 Nh6 16. Rc1 Qb4 17. a3 Qxa3 18. Nb3 Qb2+ 19. Rc2 Qxe5 20. Rxc5+ Kb8
21. Bd4 Qg5 22. Qa1 Ng4+ 23. Kg1 b6 24. Rc7 a5 25. Nxa5 Kxc7 26. Qc3+ Kb8 27.
Qb2 Bb5 28. Qxb5 Qc1+ 29. Bf1 Kc8 30. Nb3 Qc7 31. Bxb6 Qc2 32. Qa6+ Kd7 33.
Qa4+ Ke7 34. Qxg4 Qc3 35. Bd4 Qxb3 36. Qxg7+ Kd6 37. Be5+ Kc5 38. Qa7+ Kb4 39.
Qd4+ Ka3 40. h4 Rhg8 41. Qa7+ Kb4 42. Qb6+ Ka4 43. Qa6+ Kb4 44. Qb5+ 1-0

[Event "14. Obert Int. Sant Marti 2012"]
[Site "Barcelona ESP"]
[Date "2012.07.21"]
[Round "9.14"]
[White "Dominguez Pons, Eric"]
[Black "Barsov, Alexei"]
[Result "0-1"]
[WhiteElo "2325"]
[BlackElo "2539"]
[PlyCount "34"]
[EventDate "2012.07.13"]
[EventType "swiss"]
[EventRounds "9"]
[EventCountry "ESP"]
[SourceTitle "Ajedrez en Madrid"]
[Source "lmi"]
[SourceDate "2012.07.13"]
[SourceVersion "1"]
[SourceVersionDate "2019.06.21"]
[SourceQuality "1"]

1. e4 e6 2. d4 d5 3. Nc3 Bb4 4. e5 c5 5. a3 Ba5 6. b4 cxd4 7. Qg4 Kf8 8. bxa5
dxc3 9. a4 Nc6 10. Ba3+ Nge7 11. Nf3 Kg8 12. Bd3 Ng6 13. Qg3 f6 14. Bxg6 hxg6
15. exf6 Qxf6 16. Bd6 Rh5 17. Rd1 d4 0-1